=LDR 00000nam 2200000 4500 =001 NUTBA000000000004368 =005 20140911142228.0 =006 =007 =008 =020 ##$$a 978-602-7953-13-0 =035 ##$$a 0010-091400000000401 =040 ##$$a NBPDMAT =082 ##$$a 540.76 =084 ##$$a 540.76 Syo p =100 ##$$a Syofnia Siska =245 ##$$a pendalaman materi kilai kimia SM / $c Syofnia Siska S.Si =250 ##$$a Cet. 1 =260 ##$$a Jakarta : $b Dunia Cerdas, $c 2013 =300 ##$$a iv, 230 hlm. : $b ilus. ; $c 29 cm. =500 ##$$a Bibliografi : hlm. 227 =650 ##$$a Kimia-SMA-soal,dsb =990 ##$$a 21411567